Statistics for ZAYN - Entertainer (Lyrics)

Click here to take the quiz!

General Stats

  • This quiz has been taken 15 times
  • The average score is 339 of 402

Answer Stats

Answer% Correct
a
100%
could
100%
didn't
100%
didn't
100%
Don't
100%
entertainer
100%
face,
100%
face
100%
fool
100%
I
100%
know
100%
Know
100%
lied
100%
me,
100%
me
100%
my
100%
see
100%
that
100%
the
100%
The
100%
thought
100%
Thought
100%
to
100%
truth
100%
When
100%
when
100%
you,
100%
You
100%
you?
100%
you
100%
favorite
92%
for
92%
fuck
92%
had
92%
boo
83%
down
83%
Every
83%
In
83%
Never
83%
of
83%
take,
83%
take
83%
were
83%
with
83%
your
83%
coming,
75%
I'd
75%
Guess
75%
How
75%
I'd
75%
I'll
75%
I'm
75%
It
75%
it
75%
knew
75%
most
75%
most,
75%
need
75%
or
75%
step
75%
thing
75%
this
75%
touch
75%
will
75%
but
67%
enough
67%
fooled
67%
game,
67%
happened
67%
love
67%
own
67%
rules
67%
should
67%
show
67%
too
67%
too,
67%
turn
67%
two
67%
wasn't
67%
way
67%
it's
58%
fake
58%
laugh,
58%
loving
58%
play
58%
right
58%
smarter,
58%
stopped
58%
and
50%
away
50%
No
50%
watch
50%
would
50%
anyway
42%
anyway,
42%
ashamed
42%
let's
42%
I'ma
33%
I'ma
33%
playing
33%
up
33%
games,
25%
straight
25%
being
17%
harder
17%
one's
17%

Score Distribution

Percentile by Number Answered

Percent of People with Each Score

Your Score History

You have not taken this quiz